| 000 | 00428nam a22001577a 4500 | ||
|---|---|---|---|
| 008 | 250507b |||||||| |||| 00| 0 eng d | ||
| 020 | _a9781292270777 | ||
| 050 |
_aHF5438.25 _b.S44 |
||
| 100 | _aShephard Ian | ||
| 245 | S |
_aReinventing Retail _bThe New Rules That Drive Sales And Grow Profit |
|
| 250 | _a6th | ||
| 260 |
_aHarlow _bPearson _c2019 |
||
| 300 | _axxi, 210P. | ||
| 650 |
_aSelling _vCustomer Services |
||
| 942 | _cBK | ||
| 999 |
_c3342 _d3342 |
||